| 000 | 00768nam a22002297a 4500 | ||
|---|---|---|---|
| 003 | OSt | ||
| 005 | 20250826113009.0 | ||
| 008 | 250825b |||||||| |||| 00| 0 eng d | ||
| 037 | _cDissertation | ||
| 040 |
_aFEDL _beng _cFEDL |
||
| 041 |
_aeng _heng |
||
| 082 | _a371.9 ANJ/DI | ||
| 100 |
_aAnjali Kumari _9818780 |
||
| 110 |
_aUniversity of Delhi. Department of Education _9818316 |
||
| 245 |
_aChallenges faced by visually impaired teachers in schools/ _cby Anjali Kumari; Rajendra Prasad. Supervisor |
||
| 260 |
_bUniversity of Delhi _c2025 |
||
| 300 | _a77p. | ||
| 650 |
_aTEACHING- SPECIAL EDUCATION _9818781 |
||
| 700 |
_aRajendra Prasad. Supervisor _9818782 |
||
| 942 |
_2ddc _cDIS _h371.9 ANJ/DI _n0 |
||
| 999 |
_c1434859 _d1434859 |
||